[Event "Thessaloniki FIDE GP"]
[Site "Thessaloniki"]
[Date "2013.05.29"]
[Round "7"]
[White "Bacrot, Etienne"]
[Black "Dominguez Perez, Leinier"]
[Result "1/2-1/2"]
[WhiteElo "2725"]
[BlackElo "2723"]
[Annotator "Krasenkow,Michal"]
[PlyCount "160"]
[EventDate "2013.05.22"]
[EventType "tourn"]
[EventRounds "11"]
[EventCountry "GRE"]
[EventCategory "21"]
[SourceTitle "CBM 155"]
[Source "ChessBase"]
[SourceDate "2013.07.16"]
[SourceVersion "1"]
[SourceVersionDate "2013.07.16"]
[SourceQuality "1"]

1. d4 Nf6 2. c4 e6 3. Nf3 Bb4+ 4. Bd2 Bxd2+ 5. Qxd2 d5 6. Nc3 O-O 7. e3 Qe7 8. cxd5 (8. Rc1 {- see Aronian - Carlsen in CBM 154.}) (8. Rd1 {- see Kasimdzhanov - Dominguez in this issue.}) 8... exd5 9. Qc2 c6 10. Bd3 {This version of the Karlsbad structure (with dark-squared bishops already traded off) should not be dangerous for Black. But, of course, a complicated fight still lies ahead.} Nbd7 (10... Bg4 $6 11. Ne5 Bh5 12. f4 $1 Bg6 13. f5 Bh5 14. Qf2 g6 15. O-O Nbd7 16. Nxd7 Nxd7 17. e4 dxe4 18. Nxe4 Nf6 19. Qh4 {1-0 (19) Kozul,Z (2577)-Tratar,M (2495) Rijeka 2011}) (10... Re8 11. Ne5 Nbd7 12. Nxd7 Bxd7 13. O-O Qd6 14. h3 Re7 15. b4 Rae8 16. b5 c5 17. dxc5 Qxc5 18. Rfd1 Re5 $13 {1-0 (73) Beliavsky,A (2630)-Nikolic,P (2620) Belgrade 1987}) 11. O-O (11. h3 Re8 12. O-O Ne4 13. Rfe1 f5 14. Nh2 Qg5 15. f4 Qg3 16. Nf3 Re6 17. Bxe4 fxe4 18. Ne2 Qg6 19. Ne5 Qh6 $13 {0-1 (103) Nguyen,N (2588)-Xiu,D (2422) Subic Bay 2009}) 11... Re8 12. Rab1 (12. a3 Ne4 13. b4 Ndf6 14. b5 c5 15. dxc5 Nxc5 16. Nd4 Be6 17. Nce2 Rac8 18. Rac1 Nce4 19. Qb2 Bd7 20. Qb4 Qe5 21. Nf3 Qd6 22. h3 h6 23. Rfd1 $14 {1-0 (55) Anton,V (2616)-Sloth,J (2610) corr BdF 1996}) (12. Rfe1 Nf8 (12... Ne4 $1) 13. Nd2 Bd7 14. a3 Rad8 15. b4 a6 16. f3 Bc8 17. Na4 Ne6 18. Nb6 Qc7 19. Nxc8 Rxc8 20. Nb3 g6 21. Qf2 Rcd8 22. Rad1 $14 {1-0 (41) Dydyshko,V (2525)-Daly,C (2357) Istanbul 2000}) (12. Rae1 Ne4 13. Bxe4 dxe4 14. Nd2 Nf6 15. f3 exf3 16. Nxf3 Be6 $11) 12... g6 $146 (12... b6 13. Rfe1 Ne4 14. b4 Bb7 15. Bf1 f5 16. Qb3 a6 17. a4 b5 18. a5 Rf8 19. Ne2 g5 20. Qb2 Rae8 21. g3 $14 {1-0 (64) Romero Holmes,A (2524)-Cuartas,J (2435) Bled 2002}) (12... Nf8 13. b4 a6 14. Na4 (14. a4 Bd7 15. b5 axb5 16. axb5 c5 17. dxc5 Qxc5 18. Rfc1 Rec8 19. Qd2 Qe7 20. Bf1 Be6 21. Nd4 N8d7 22. f3 Nb6 $11 {1/2 (70) Kalinitschew,S (2492)-Schebler,G (2467) Germany 2009}) 14... Ng6 15. Nb6 Rb8 16. Nxc8 Rbxc8 17. Bf5 Rc7 18. Rfc1 Ne4 19. a4 Qf6 20. Bxe4 dxe4 21. Nd2 $14 {1-0 (76) Schulz,K (2385)-Schebler,G (2486) Germany 2009}) (12... a5 13. a3 g6 $5 (13... Ne4 14. Bxe4 dxe4 15. Nd2 Nf6 16. b4 axb4 17. axb4 {1-0 (52) Iljin,T (2416)-Gorbatov,A (2386) Alushta 2009} Bf5 $11) (13... b6 14. b4 axb4 15. axb4 Bb7 16. Rfe1 Ne4 17. Bxe4 dxe4 18. Nd2 f5 19. Rec1 Qe6 20. Ra1 Ba6 21. b5 Bxb5 22. Nxb5 cxb5 23. Qb2 Qd5 $11 {1/2 (39) Flear,G (2527)-Arkell,K (2521) Hastings 2002}) 14. Na4 (14. b4 axb4 15. axb4 b5 16. Rfe1 {1/2 (40) Gabriel,C (2540)-Arkell,K (2479) Fuegen 2006} Nb6 17. e4 Be6 $11) 14... Ne4 15. Bxe4 Qxe4 16. Qxe4 Rxe4 17. Rbc1 Re8 18. Rfe1 Nf6 19. Nd2 Bf5 20. f3 h5 21. h4 Kg7 22. Kf2 Nd7 23. Nc5 Nxc5 24. Rxc5 Red8 25. Nb3 a4 26. Nc1 Rd6 $11 {1-0 (65) Legky,N (2507)-Bischoff,K (2564) France 2003}) (12... Ne4 13. b4 a6 (13... g6 14. b5 Nxc3 15. Qxc3 c5 16. dxc5 Nxc5 17. Nd4 Bd7 18. Rfc1 Rac8 19. Qa3 b6 20. Be2 Ne6 21. Qxe7 Rxc1+ 22. Rxc1 Rxe7 $11 {1/2 (48) Khanukov,B (2346)-Kholmov,R (2427) Arco 2001}) 14. a4 (14. Rfc1 Ndf6 15. a4 Bf5 16. Bxe4 Bxe4 17. Nxe4 Nxe4 18. Nd2 Nxd2 19. Qxd2 Qe4 {1/2 (19) Eingorn,V (2530)-Psakhis,L (2540) Kharkov 1985}) 14... Ndf6 15. Ne5 {1/2 (40) Gheorghiu,F-Robatsch,K Vinkovci 1968} Bf5 16. Ne2 g6 $11 {[%cal Ye4d6]}) ({RR} 12... a5 13. a3 g6 14. Na4 Ne4 15. Bxe4 Qxe4 16. Qxe4 Rxe4 17. Rbc1 Re8 18. Rfe1 Nf6 19. Nd2 Bf5 20. f3 h5 21. h4 Kg7 22. Kf2 Nd7 23. Nc5 Nxc5 24. Rxc5 Red8 25. Nb3 a4 26. Nc1 Rd6 27. Rd1 {Legky,N (2507)-Bischoff,K (2564) France 2003 1-0 (65)}) ({RR} 12... b6 13. b4 Bb7 14. Rfc1 Ne4 15. Bxe4 dxe4 16. Nd2 Nf6 17. Nc4 Nd7 18. Qxe4 Qxe4 19. Nxe4 Rxe4 20. Nd6 Re6 21. Nxb7 Rb8 22. b5 cxb5 23. Rc7 Nf6 24. Rxb5 Ne8 25. Rd7 Nf6 26. Rd8+ Rxd8 27. Nxd8 {Malesevic,N (2206)-Larsson,A (2217) Sweden SWE 2023 1-0 (39)}) 13. b4 b6 (13... a5 $5 14. b5 c5 {(recommended by GM Evgeny Gleizerov) - a typical idea of counterplay in this structure.}) 14. a4 (14. Qe2 a5 15. b5 c5 16. Rbc1 Bb7 17. Rfd1 Rac8 18. Qb2 c4 19. Bf1 Qb4 20. Rb1 Qd6 21. Qc2 Ne4 22. g3 Ndf6 23. Bg2 {1/2 (23) Braun,A (2463)-Bischoff,K (2555) Bad Zwesten 2005}) (14. Rfe1 $5 {[%cal Ye3e4] (E.Gleizerov) gains in strength after ...b7-b6:} Bb7 15. e4 dxe4 16. Nxe4 Nxe4 17. Rxe4 Qd6 18. Bc4 $14 Nf6 $140 19. Re5 Nd7 20. Re2 Nf6 21. Ng5 $1) 14... a5 15. bxa5 (15. b5 c5 {is now even safer for Black than in Braun - Bischoff.}) 15... Rxa5 16. Rfd1 Bb7 {Black's position is very solid. White's only plan for a breakthrough is e3-e4 but now it is difficult to prepare.} 17. h3 Rea8 18. Nd2 Ba6 {[%mdl 32] Black weakens the c6-pawn but getting rid of this passive bishop is more important.} 19. Nb3 Bxd3 20. Rxd3 R5a6 21. Rdd1 Qe6 22. Nc1 Ne4 23. N1a2 Nxc3 24. Nxc3 Nf6 25. Ne2 Nd7 26. Rbc1 (26. Rdc1 c5 $5) 26... Rc8 27. Qb3 Rca8 28. Qc2 Rc8 29. Qb3 Rca8 30. Qc3 Nb8 $6 (30... Rc8 $142 {The knight should rather protect the b6-pawn. Of course, the exchange of the b6- or c6-pawn for White's a4-pawn will be unfavourable for Black. If} 31. Qb4 {then} Ra5 32. Rd2 (32. Nf4 Qf6) 32... Qf6 33. Nf4 Rca8 {- White can't make any progress.}) 31. Qb4 Nd7 32. Nf4 Qf6 33. Qc3 Nb8 (33... Rc8 {is already impossible in view of} 34. Nxd5) 34. Qb4 Nd7 35. Qc3 Nb8 36. Rb1 Qd6 37. Rdc1 {[%cal Yf4d3,Yd3b4]} Rxa4 {Black finally has to make this concession. Fortunately, White's advantage (Black's backward c6-pawn) is still insufficient for a victory.} 38. Rxb6 Rc4 39. Qe1 (39. Qb2 $5 Nd7 40. Rb7) 39... Nd7 40. Rbb1 Rxc1 (40... c5 $5 {is probably simpler. Black's isolated d5-pawn will not be a decisive factor, and if} 41. Rxc4 dxc4 42. d5 Nf6 43. Rd1 {then he gets good counterplay after} Ra3) 41. Qxc1 Rb8 42. Rxb8+ Nxb8 {[%mdl 4096] This endgame should not be lost for Black but White can torture him for a long time.} 43. Qb2 Nd7 44. Qb7 Kg7 45. Nd3 h5 46. Nb4 Qb8 $1 {The exchange of queens makes Black's task easier.} 47. Qxb8 (47. Qxd7 Qxb4 48. Qxc6 Qe1+ 49. Kh2 Qxf2 50. Qxd5 Qxe3 $11) 47... Nxb8 48. h4 f6 49. f3 g5 50. Kh2 Kg6 51. Kg3 Kf5 52. Kh3 Kg6 53. hxg5 fxg5 54. g4 Kh6 55. f4 Kg6 56. Kg3 Kh6 57. Kf3 (57. fxg5+ Kxg5 58. gxh5 Kxh5 59. Kf4 Kg6 60. Ke5 Nd7+ 61. Kd6 Nf6 62. Kxc6 Ng4 63. Nxd5 Kf5 $11 {[%cal Yf5e4] E.Gleizerov}) 57... Kg6 58. Kg3 Kh6 59. gxh5 Kxh5 60. Kh3 Nd7 61. Nxc6 g4+ 62. Kg2 Nb6 (62... Nf6 $142 $1 {creating an unassailable fortress, according to GM E.Gleizerov.}) 63. Ne7 Kh4 64. Nf5+ Kh5 65. Kg3 (65. Ne7 Kh4 66. Kh2 g3+ 67. Kg2 Kg4) (65. Kf2 Kg6 66. e4 (66. Ng3 Nc4 67. e4 dxe4 68. Nxe4 Kf5) 66... dxe4 67. Ne3 {is equally insufficient due to} Kh5 68. Kg3 Na4 69. Nxg4 Nc3) 65... Nc4 66. Kf2 Nd2 67. Kg2 Nc4 68. Kg1 Nb6 69. Ne7 g3 $1 70. Kg2 Kg4 71. Ng8 (71. f5 Kg5 72. Kxg3 Kf6 $11) 71... Nc4 $1 {The simplest.} 72. Nf6+ Kf5 73. Nxd5 Ke4 74. Nc7 Nxe3+ 75. Kxg3 Nf5+ 76. Kg4 Nxd4 77. Ne8 Kd5 78. Ng7 Ke4 79. Nh5 Kd5 80. f5 Nxf5 1/2-1/2

[Event "EU-chT (Men) 16th"]
[Site "Heraklion"]
[Date "2007.10.28"]
[Round "1.1"]
[White "Mamedyarov, Shakhriyar"]
[Black "Gurevich, Mikhail"]
[Result "1-0"]
[WhiteElo "2752"]
[BlackElo "2627"]
[Annotator "Ftacnik,Lubomir"]
[PlyCount "61"]
[EventDate "2007.10.28"]
[EventType "team-swiss"]
[EventRounds "9"]
[EventCountry "GRE"]
[SourceTitle "CBM 121"]
[Source "ChessBase"]
[SourceDate "2007.11.14"]
[SourceVersion "1"]
[SourceVersionDate "2007.11.14"]
[SourceQuality "1"]
[WhiteTeam "Azerbaijan"]
[BlackTeam "Turkey"]
[WhiteTeamCountry "AZE"]
[BlackTeamCountry "TUR"]

1. d4 d5 2. c4 c6 3. Nc3 Nf6 4. Nf3 e6 5. Bg5 Be7 6. e3 Nbd7 7. Qc2 O-O 8. cxd5 exd5 9. Bd3 Re8 10. O-O Nf8 11. Rae1 {White is refraining from the plans that are connected with the minority pawn attack on the queenside. The task is now to win in the centre and on the kingside.} Be6 12. Ne5 N6d7 13. Bxe7 Rxe7 14. f4 f6 15. Nf3 Nb6 16. f5 Bf7 17. g4 h6 (17... Qd6 {Black can choose to ignore the danger of opening up the kingside, since the insertion of the moves h6 and h4 only heightens the stakes.} 18. e4 (18. Nh4 Rae8 19. Ng2 Nc4 20. Nd1 Nd7 21. b3 Na3 22. Qb2 Qb4 $11 {1-0 Razuvaev,Y (2535)-Beliavsky,A (2585)/Sochi 1986 (47)}) 18... dxe4 19. Nxe4 Qc7 20. g5 Nd5 21. Bc4 Kh8 22. gxf6 gxf6 23. Qd2 (23. Qc1 $1) 23... Ne3 $1 24. Rxe3 Bxc4 25. Rfe1 {1-0 Jussupow,A (2600)-Spassky,B (2590)/Montpellier 1985 (33)}) 18. h4 (18. Nh4 Qd6 19. Ng2 Rae8 20. Qf2 Nbd7 21. Re2 a6 22. Nf4 b5 23. h4 b4 24. Nd1 c5 $132 {1/2 Agrest,E (2601)-Asrian,K (2605)/Tripoli 2004 (49)}) 18... Qd6 19. Qg2 Rae8 20. e4 $146 {[%mdl 4] Technically speaking this move is new; 20.f2 was once played between amateurs and is not really relevant.} (20. Qf2) ({RR} 20. Qf2 Nh7 21. Kh1 a6 22. Rg1 Nd7 23. Re2 c5 24. Rge1 b5 25. e4 c4 26. Bc2 dxe4 27. Nxe4 Qc6 28. Nc3 Rxe2 29. Rxe2 Rxe2 30. Qxe2 b4 31. Be4 Qd6 32. Nd1 Qf4 33. Nf2 Nb6 34. Nd2 h5 {Soors,S (2126)-Struk,J (2240) Vlissingen 2007 0-1 (42)}) 20... dxe4 (20... Nfd7 $5 21. g5 Kh8 22. g6 Bg8 $13) 21. Nxe4 Qd8 $2 {This passive retreat makes the situation worse. From the d5-square the queen would at least exercise pressure against the knight on e4.} (21... Qd5 22. g5 (22. Nxf6+ gxf6 23. Rxe7 Rxe7 24. g5 fxg5 25. hxg5 Bh5 26. gxh6+ Kh8 $15) 22... fxg5 $1 (22... hxg5 $2 23. Nxf6+ $1 gxf6 24. Rxe7 Rxe7 25. hxg5 fxg5 26. Qxg5+ Ng6 27. Qg3 $1 Re3 28. fxg6 Be6 29. Bc2 $16) (22... Rxe4 $2 23. gxf6 g6 24. fxg6 Nxg6 25. Bxe4 Rxe4 26. h5 $1 Rxe1 27. Rxe1 Qxh5 28. Re5 $1 $18) 23. hxg5 hxg5 (23... Rxe4 24. Bxe4 (24. gxh6 g6 25. Rxe4 Rxe4 26. b3 $13) 24... Rxe4 25. g6 Bxg6 (25... Be8 $6 26. Rxe4 Qxe4 27. Re1 $16) 26. fxg6 Rf4 $13) 24. Nc3 (24. f6 Rxe4) (24. Nfxg5 Qxd4+ 25. Kh1 Qxd3 26. Nf6+ gxf6 27. Ne6+ Ng6 $19) 24... Qd6 $11) 22. g5 fxg5 23. hxg5 hxg5 24. Qxg5 (24. Nexg5 $2 Rxe1 25. Rxe1 Rxe1+ 26. Nxe1 Qxd4+ $17) 24... Nh7 25. Qh4 Nd7 {The position is not yet critical, but it is certainly dangerous for Black. White will attempt to break through on the h-file.} (25... Nf6 26. Kf2 (26. Rf2 Bxa2 (26... Nxe4 27. Bxe4 Qd6 28. f6 $1 $16) (26... Bd5 $6 27. Rh2 Kf8 28. Qh8+ Bg8 29. Rg2 $16) 27. Nfg5 Rxe4 28. Nxe4 Nxe4 29. Qxd8 Rxd8 30. Rxe4 Kf7 $14) (26. Nxf6+ gxf6 27. Rxe7 Rxe7 (27... Qxe7 $2 28. Ne5 $1 Bd5 29. Rf4 $18) 28. Kf2 (28. Ne5 Bd5 $11) 28... Bd5 29. Rg1+ Rg7 30. Rg6 $14) 26... Nh5 $5 27. Rg1 Nd5 $13) 26. Kf2 $1 Ndf6 27. Nxf6+ Nxf6 28. Rh1 Kf8 {Unfortunately for the defender, the ideas with closing the access along the h-file are doomed to failure.} (28... Bh5 29. Bc4+ Kf8 30. Ne5 Rxe5 (30... Ng4+ 31. Qxg4 $1 Rxe5 32. Rxh5 $18) 31. dxe5 Ng4+ (31... Qd2+ 32. Kg3 b5 33. Qf4 $18) 32. Kg3 $18) (28... Nh5 29. Re6 $1 Rxe6 30. Qxd8 Rxd8 (30... Re2+ 31. Bxe2 Rxd8 32. Ne5 Nf6 33. Rh8+ Kxh8 34. Nxf7+ $18) 31. fxe6 Be8 32. e7 Rd7 33. Bc4+ $16) 29. Qh8+ Bg8 (29... Ng8 30. Reg1 Bxa2 (30... Bd5 31. Ng5 g6 32. Nh7+ Rxh7 33. Rxh7 $18) 31. f6 gxf6 32. Rh6 Rc7 33. Rhg6 $18) 30. Rhg1 Qd6 $2 {The final blunder in a critical position; Gurevich had to play with the utmost care in order to survive.} (30... Rf7 31. Rxe8+ Kxe8 (31... Nxe8 32. Bc4 $18) (31... Qxe8 32. Bc4 Nd5 33. Bxd5 cxd5 34. Nh4 $1 Rc7 35. Ng6+ Kf7 36. Ne5+ Kf8 37. f6 Qd8 38. Rg6 $18) 32. Rxg7 Rxg7 33. Qxg7 Qe7 34. Qg3 $16) (30... Qd7 31. Re6 $1 Rxe6 32. fxe6 Rxe6 (32... Qc7 $2 33. Bf5 $18) 33. Bf5 Ne4+ 34. Ke3 $1 (34. Kg2 $2 Rg6+ $1 35. Bxg6 Qg4+ 36. Kh2 Qf4+ $17) (34. Kf1 $2 Qf7 $1 35. Bxe4 Rh6 $1 $19) 34... Nd6+ (34... Ng5+ 35. Bxe6 Qxe6+ 36. Ne5 Qh6 37. Rf1+ $16) 35. Bxe6 Qxe6+ 36. Ne5 Ne8 37. Qh2 $16) 31. Re6 $1 (31. Re6 $1 Qd5 32. Rxf6+ gxf6 33. Qh6+ $18) 1-0

[Event "Corus"]
[Site "Wijk aan Zee"]
[Date "2010.01.16"]
[Round "1"]
[White "Van Wely, Loek"]
[Black "Short, Nigel D"]
[Result "1-0"]
[WhiteElo "2641"]
[BlackElo "2696"]
[Annotator "Van Wely,Loek"]
[PlyCount "91"]
[EventDate "2010.01.16"]
[EventType "tourn"]
[EventRounds "13"]
[EventCountry "NED"]
[EventCategory "19"]
[SourceTitle "CBM 135"]
[Source "ChessBase"]
[SourceDate "2010.03.17"]
[SourceVersion "1"]
[SourceVersionDate "2010.03.17"]
[SourceQuality "1"]

{5 years ago, Nigel played his last game in the Corus A group against me, welcome back Nigel! :)} 1. d4 Nf6 2. c4 e6 3. Nf3 ({in 2005 I had chosen to play} 3. Nc3 d5 ({in our last encounter, London 2009, Nigel preferred} 3... Bb4 {and although he was almost in zugzwang later , I managed succesfully to blow myself up....}) 4. cxd5 exd5 5. Bg5 c6 6. e3 Bf5 7. Qf3 Bg6 8. Bxf6 Qxf6 9. Qxf6 gxf6 10. Nf3 {but he didn't really enjoy this endgame :)}) 3... d5 4. Nc3 Nbd7 5. cxd5 exd5 6. Bg5 c6 7. e3 Be7 8. Qc2 O-O 9. Bd3 Re8 10. h3 Nf8 {Fortunately Nigel doesn't have Kasparov as his trainer, I am pretty sure, he likes how Magnus played against me:} (10... Ne4 $5 {in fact this move could be a serious attempt to change the nature of the "traditional" Queen's Gambit positions, and also not a bad one.} 11. Bxe4 (11. Bf4 {was the safe choice but after} Ndf6 12. O-O Bf5 {followed by g6 and Black has no problems.}) 11... dxe4 12. Nxe4 Qa5+ 13. Kf1 Bf8 {Already after he had played ...e4, I realised this must be his idea, but anyway, what should I do? And besides a pawn is a pawn, so let's not be afraid for once in our lives :)} (13... Qf5 {was how Piket played against me in the World Cup in Groningen 1997, but in that game I managed to stabilise the postion and just to be a pawn up.} 14. Bxe7 Rxe7 15. Nfd2 Nb6 16. Rc1 Nd5 17. Kg1) 14. Bf4 (14. Nc3 b5 15. Kg1 b4 16. Ne2 Bb7 17. Kh2 c5 {with very nice compensation}) (14. g4 $5 {is the suggestion of my silicon friend, so it has to be analysed seriously :)}) 14... Qf5 15. Nfd2 Nb6 (15... c5 $5) 16. Rc1 Nd5 17. g4 Qg6 18. Nd6 Rd8 $1 19. Qxg6 $6 hxg6 20. Nxc8 Nxf4 21. exf4 Rxd4 22. Nb3 Rb4 $1 23. Kg2 Rxc8 24. Rhd1 Rxf4 25. Rd7 Rb4 $15 {Van Wely-Carlsen,M/Wijk aan Zee 2010}) 11. Bf4 a5 {This is an interesting waiting move to discourage White from castling queenside, the only drawback is, Black won't have any counterplay in the centre by playing c5, because the b5-square would remain permanently free.} (11... Ng6 12. Bh2 Bd6 (12... Be6) 13. Bxd6 Qxd6 14. O-O-O) (11... Bd6 12. Bxd6 Qxd6 13. O-O-O) (11... Be6 {was the choice of another expert, Arthur Jussupow, later he sold me some sacrifices on h3 and e3...}) 12. O-O Ng6 ({RR} 12... Bd6 13. Bxd6 Qxd6 14. Na4 Be6 15. Qc5 Qb8 16. Ng5 N8d7 17. Qc2 h6 18. Bh7+ Kf8 19. Nxe6+ Rxe6 20. Bf5 Re7 21. Qb3 b5 22. Nc3 Nb6 23. Qc2 Nc4 24. Bd3 a4 25. b3 axb3 26. axb3 Nd6 27. Ne2 {Dreev,A (2650)-Ivanchuk,V (2700) Yalta 1995 ½-½ (50)}) 13. Bh2 Bd6 14. Bxd6 Qxd6 15. Rfe1 $146 {A strange move, but trying to prevent Black's plan of putting a knight on e4.} ({RR} 15. a3 b5 16. Rfe1 Be6 17. Rac1 Rac8 18. Qb1 Nd7 19. Ng5 b4 20. axb4 axb4 21. Na4 c5 22. Nxe6 Rxe6 23. Nxc5 Rxc5 24. dxc5 Nxc5 25. Bf5 Re8 26. Qc2 Ne6 27. Red1 Rd8 28. Bxe6 {1-0 (28) Dudin,G (2574)-Ezsol,M (2306) Ajka 2025}) ({RR} 15. a3 b5 16. Rfe1 Be6 17. Rac1 Rac8 18. Qb1 Nd7 19. Ng5 b4 20. axb4 axb4 21. Na4 c5 22. Nxe6 Rxe6 23. Nxc5 Rxc5 24. dxc5 Nxc5 25. Bf5 Re8 26. Qc2 Ne6 27. Red1 Rd8 28. Bxe6 {1-0 (28) Dudin,G (2574)-Ezsol,M (2306) Ajka HUN 2025}) 15... Be6 $6 {This looks natural, but if Nigel had a deeper look at the position, he would have understood that} (15... Bd7 $1 {was the right move; later in the game you will see why.}) (15... Qe7 $6 16. e4 {- the idea of e1!}) 16. a3 {Now White will start his classical minority attack.} Re7 17. Rab1 Rae8 18. b4 axb4 19. axb4 Bd7 {Now Black has to lose a tempo in order to play ...e4.} 20. b5 Ne4 21. bxc6 bxc6 22. Rb6 Nxc3 23. Qxc3 Qf6 24. Bxg6 $1 {This bishop is not needed anymore, and Black's knight was about to get active via h4. Apart from that we want to play good knight vs bad bishop...} Qxg6 25. Kf1 f6 26. Ra1 Qh5 27. Ne1 Qf5 28. Kg1 Qg5 $2 {Probaby the last and fatal mistake. Maybe Nigel was thinking according to the Russian chess school, that when you have only one weakness (c6) you should be able to defend. I don't know, but you need to have really good defensive skills for that and be ready to suffer for hours and hours. Not my cup of tea, and definitely also not Nigel's , so I am a bit surprised, he didn't go for counterchances with} (28... g5 $1 {of course there is no way back after this move, but at least Black will have some fun (g7, g4, h5, h4 , etc.).}) 29. Kh2 Qf5 30. Nd3 Qe6 31. Kg1 Rc8 32. Rb7 Rf7 33. Raa7 Be8 34. Qb4 Rd8 35. Nc5 {This is definitely not going to be funny for Black :)} Qc8 36. Qb6 h5 37. Rc7 Rxc7 38. Rxc7 Qa8 39. Ra7 {Some dancing to get to the 7th rank.} Qc8 40. Rb7 Bf7 41. Qa7 Rf8 42. Nd7 Re8 43. Nxf6+ gxf6 44. Rxf7 Qf5 45. Rg7+ Kh8 46. Qf7 {Nigel, I missed you!} 1-0

[Event "ROM-GER Kings"]
[Site "Medias"]
[Date "2015.11.02"]
[Round "4.2"]
[White "Lupulescu, Constantin"]
[Black "Fridman, Daniel"]
[Result "1/2-1/2"]
[WhiteElo "2626"]
[BlackElo "2649"]
[Annotator "Bulmaga,Irina"]
[PlyCount "80"]
[EventDate "2015.10.30"]
[EventType "schev"]
[EventRounds "5"]
[EventCountry "ROU"]
[SourceTitle "CBM 169"]
[Source "ChessBase"]
[SourceDate "2015.11.10"]
[SourceVersion "1"]
[SourceVersionDate "2015.11.10"]
[SourceQuality "1"]
[WhiteTeam "Romania"]
[BlackTeam "Germany"]
[WhiteTeamCountry "ROU"]
[BlackTeamCountry "GER"]
[TimeControl "40/5400+30:1800+30"]

1. c4 e6 2. Nc3 d5 3. d4 Nf6 4. cxd5 exd5 5. Bg5 c6 6. Qc2 h6 7. Bh4 Be6 8. e3 Nbd7 9. f3 $6 {[#]} (9. Bd3 g5 10. Bg3 Nh5) ({RR} 9. Bd3 g5 10. Bg3 Nh5 11. Nge2 Nxg3 12. Nxg3 Bd6 13. O-O-O Qf6 14. Nh5 Qe7 15. f4 Bg4 16. Ng7+ Kf8 17. Nf5 Bxf5 18. Bxf5 Qxe3+ 19. Kb1 Nf6 20. fxg5 Qxg5 21. g3 Re8 22. Rdf1 Kg7 23. Bd3 Qe3 {Gontcharov,V (2421)-Cori T.,D (2328) chess.com INT 2026 0-1 (43)}) 9... c5 {Ein guter Zug, nach dem Schwarz keine Probleme mehr zu haben scheint.} 10. Bd3 cxd4 $146 ({RR} 10... Rc8 11. Nge2 Bd6 12. O-O O-O 13. Kh1 Qb6 14. Qd2 cxd4 15. exd4 Rfe8 16. Rad1 a6 17. Bb1 Qc7 18. f4 Bg4 19. Rc1 Qa5 20. Ng3 Nh5 21. Nxh5 Bxh5 22. Bf5 Rc7 23. Rce1 Rxe1 24. Qxe1 Nf8 25. Bd8 {Carlsen,M (2853)-Abdusattorov,N (2731) Stavanger NOR 2023 1-0 (34)}) ({RR} 10... Rc8 11. Nge2 Bd6 12. O-O O-O 13. Kh1 Qb6 14. Qd2 cxd4 15. exd4 Rfe8 16. Rad1 a6 17. Bb1 Qc7 18. f4 Bg4 19. Rc1 Qa5 20. Ng3 Nh5 21. Nxh5 Bxh5 22. Bf5 Rc7 23. Rce1 Rxe1 24. Qxe1 Nf8 25. Bd8 {Carlsen,M (2853)-Abdusattorov,N (2731) Stavanger NOR 2023 1-0 (34)}) 11. exd4 Bd6 12. Nge2 O-O 13. O-O Qc7 {[#]} 14. Bg3 (14. f4 $5 Bg4 15. h3 Bxe2 16. Qxe2 Bxf4 $6 (16... Qb6 17. Rad1 $13) 17. Qf3 $14) 14... Rac8 15. Bxd6 Qxd6 16. Qd2 Rc6 17. b3 Nb6 18. Nb5 Qb8 19. Rac1 Rfc8 20. Rxc6 Rxc6 21. Rc1 Rxc1+ 22. Qxc1 Bd7 23. Qf4 Qxf4 24. Nxf4 {Das Remis scheint nicht mehr weit zu sein. Das beinahe symmetrische Endspiel bietet beiden Seiten wenig Möglichkeiten.} Bxb5 25. Bxb5 Nc8 26. Kf2 Kf8 27. h4 g5 28. hxg5 hxg5 29. Nh3 g4 30. Nf4 gxf3 31. gxf3 Ne7 32. Bd3 Ne8 33. Ke3 Nc7 34. Ne2 Kg7 35. Kf4 Kf6 36. Nc3 Ne6+ 37. Ke3 Nc7 38. Kf4 Ne6+ 39. Ke3 Nc7 40. Kf4 Ne6+ 1/2-1/2